The kingdom of Ahmadnagar / (Record no. 70925)
[ view plain ]
| 000 -LEADER | |
|---|---|
| fixed length control field | 00764cam a22002294a 4500 |
| 001 - CONTROL NUMBER | |
| control field | sa 66007100 |
| 003 - CONTROL NUMBER IDENTIFIER | |
| control field | DLC |
| 005 - DATE AND TIME OF LATEST TRANSACTION | |
| control field | 20260227112301.0 |
| 008 - FIXED-LENGTH DATA ELEMENTS--GENERAL INFORMATION | |
| fixed length control field | 720120s1966 ii b 001 0 eng |
| 010 ## - LIBRARY OF CONGRESS CONTROL NUMBER | |
| LC control number | sa 66007100 |
| 040 ## - CATALOGING SOURCE | |
| Original cataloging agency | DLC |
| Transcribing agency | DLC |
| 043 ## - GEOGRAPHIC AREA CODE | |
| Geographic area code | a-ii--- |
| 050 00 - LIBRARY OF CONGRESS CALL NUMBER | |
| Classification number | DS485.A15 |
| Item number | S58 1966 |
| 100 1# - MAIN ENTRY--PERSONAL NAME | |
| Personal name | Shyam, Radhey, |
| Dates associated with a name | 1935- |
| 245 14 - TITLE STATEMENT | |
| Title | The kingdom of Ahmadnagar / |
| Statement of responsibility, etc. | Radhey Shyam ; with a foreword by Bisheshwar Prasad. |
| 250 ## - EDITION STATEMENT | |
| Edition statement | 1st ed. |
| 260 ## - PUBLICATION, DISTRIBUTION, ETC. | |
| Place of publication, distribution, etc. | Delhi : |
| Name of publisher, distributor, etc. | Motilal Banarsidass, |
| Date of publication, distribution, etc. | 1966. |
| 300 ## - PHYSICAL DESCRIPTION | |
| Extent | xvii, 440 p. ; |
| Dimensions | 23 cm. |
| 500 ## - GENERAL NOTE | |
| General note | Originally presented as the author's thesis (doctoral--University of Allahabad). |
| 504 ## - BIBLIOGRAPHY, ETC. NOTE | |
| Bibliography, etc. note | Includes bibliographical references (p. 412-418) and index. |
| 651 #0 - SUBJECT ADDED ENTRY--GEOGRAPHIC NAME | |
| Geographic name | Ahmadnagar (Kingdom) |
| General subdivision | History. |
No items available.